Football - Clubs des joueurs ayant gagné la coupe du monde - Statistiques

Statistiques générales
  • Ce quiz a été pris 202 fois
  • Le résultat moyen est 19 sur 34
Statistiques - réponses
Rang Nombre de joueurs vainqueurs Club Pays Première victoire Dernière victoire % Correct
1 27 Juventus Italie 1934 2022
99%
3 21 Internazionale Italie 1934 2022
98%
12 10 Milan AC Italie 1934 2006
96%
2 24 Bayern Munich Allemagne 1954 2014
94%
9 11 Barcelona Espagne 1994 2018
92%
20 7 Paris Saint-Germain France 1994 2022
92%
9 11 Real Madrid Espagne 1974 2018
90%
25 5 Marseille France 1998 2018
86%
25 5 Manchester United Angleterre 1966 2022
83%
4 17 Roma Italie 1934 2022
83%
18 7 Borussia Dortmund Allemagne 1954 2014
80%
25 5 Chelsea Angleterre 1966 2018
75%
25 5 Liverpool Angleterre 1966 2010
71%
18 7 Arsenal Angleterre 1966 2014
70%
25 5 Monaco France 1998 2018
66%
25 5 Atlético Madrid Espagne 2018 2022
64%
25 5 Lazio Italie 1934 2014
64%
5 15 Santos Brésil 1958 1970
62%
12 10 River Plate Argentine 1950 2022
58%
20 7 Flamengo Brésil 1958 2002
51%
7 13 São Paulo Brésil 1958 2002
48%
16 8 Fiorentina Italie 1934 2006
43%
20 7 Fluminense Brésil 1958 1994
41%
9 11 Botafogo Brésil 1958 1970
32%
14 9 Palmeiras Brésil 1958 2002
28%
16 8 Corinthians Brésil 1958 2002
25%
24 6 Borussia Mönchengladbach Allemagne 1974 2014
20%
25 5 Cruzeiro Brésil 1970 2002
20%
7 13 Nacional Uruguay 1930 1950
20%
25 5 Bologna Italie 1934 1938
18%
6 14 Peñarol Uruguay 1930 1950
17%
14 9 1. FC Köln Allemagne 1954 1990
15%
20 7 Independiente Argentine 1978 1986
9%
25 5 1. FC Kaiserslautern Allemagne 1954 1954
8%
Aucun quiz correspondant
Distribution des résultats
% des personnes avec chaque résultat
Percentile par nombre de réponses
Votre historique - résultats
Vous n’avez pas pris ce quiz